[Event "Luxembourg-chT 1112"]
[Site "Luxembourg"]
[Date "2012.02.10"]
[Round "5"]
[White "Tudorie, Sebastian"]
[Black "Sorras, Alexios"]
[Result "1-0"]
[WhiteElo "2185"]
[BlackElo "1896"]
[PlyCount "49"]
[EventDate "2011.10.??"]
[EventType "team-tourn"]
[EventRounds "10"]
[EventCountry "LUX"]
[SourceTitle "EXT 2017"]
[Source "ChessBase"]
[SourceDate "2016.10.25"]
[SourceVersion "1"]
[SourceVersionDate "2016.10.25"]
[SourceQuality "1"]

1. e4 e5 2. Nf3 Nc6 3. Bc4 Nf6 4. d3 Bc5 5. c3 0-0 6. b4 Bb6 7. a4 a6 8. Qb3 Qe7 9. Bg5 h6 10. Bh4 d6 11. Nbd2 Be6 12. 0-0 Bxc4 13. Nxc4 Qe6 14. Bxf6 gxf6 15. a5 Ba7 16. b5 Ne7 17. b6 cxb6 18. axb6 Bb8 19. d4 Ng6 20. d5 Qg4 21. Ne3 Qxe4 22. Ra4 Qd3 23. Rd1 Qe2 24. Ra2 Qb5 25. Qxb5 1-0